Súčasná zahraničná a bezpečnostná politika Maďarska diplomová práca

Enregistré dans:
Détails bibliographiques
Auteur principal: Štofaňáková, Radka
Collectivité auteur: Fakulta medzinárodných vzťahov EU. Katedra medzinárodných politických vzťahov
Autres auteurs: Csányi, Peter, 1978-
Format: Livre
Langue:slovaque
Publié: Bratislava 2023
Tags: Ajouter un tag
Pas de tags, Soyez le premier à ajouter un tag!

MARC

LEADER 00000nbm a2200000 4500
001 0293174
005 20240613131827.1
041 0 |a slo 
044 |a SK 
245 1 0 |a Súčasná zahraničná a bezpečnostná politika Maďarska  |b diplomová práca  |c Radka Štofaňáková ; školiteľ: Peter Csányi 
264 1 |a Bratislava  |c 2023 
300 |a 71 s. 
100 1 |a Štofaňáková, Radka 
700 1 |a Csányi, Peter, 1978- 
710 2 |a Fakulta medzinárodných vzťahov EU. Katedra medzinárodných politických vzťahov